|
|
|
|
| LEADER |
01623nam a2200385 a 4500 |
| 001 |
EBC968085 |
| 003 |
MiAaPQ |
| 005 |
20200520144314.0 |
| 006 |
m o d | |
| 007 |
cr cn||||||||| |
| 008 |
120511s2012 enk s 001 0 eng d |
| 010 |
|
|
|z 2012019131
|
| 020 |
|
|
|z 9781118404843
|
| 020 |
|
|
|a 9781118404850 (electronic bk.)
|
| 035 |
|
|
|a (MiAaPQ)EBC968085
|
| 035 |
|
|
|a (Au-PeEL)EBL968085
|
| 035 |
|
|
|a (CaPaEBR)ebr10580160
|
| 035 |
|
|
|a (CaONFJC)MIL385509
|
| 035 |
|
|
|a (OCoLC)793503527
|
| 040 |
|
|
|a MiAaPQ
|c MiAaPQ
|d MiAaPQ
|
| 050 |
|
4 |
|a HD59
|b .S53 2012
|
| 082 |
0 |
4 |
|a 659.20285/4678
|2 23
|
| 245 |
0 |
0 |
|a Share this
|h [electronic resource] :
|b the social media handbook for PR professionals /
|c Chartered Institute of Public Relations (CIPR) ; edited by Stephen Waddington.
|
| 260 |
|
|
|a Chichester, West Sussex, U.K. :
|b John Wiley & Sons,
|c 2012.
|
| 300 |
|
|
|a xiv, 245 p.
|
| 500 |
|
|
|a Includes index.
|
| 505 |
0 |
|
|a pt. 1. Changing media, changing PR -- pt. 2. Planning -- pt. 3. Networks -- pt. 4. Online media relations -- pt. 5. Monitoring and measurement -- pt. 6. Skills -- pt. 7. Industry change -- pt. 8. The future.
|
| 533 |
|
|
|a Electronic reproduction. Ann Arbor, MI : ProQuest, 2015. Available via World Wide Web. Access may be limited to ProQuest affiliated libraries.
|
| 650 |
|
0 |
|a Public relations.
|
| 650 |
|
0 |
|a Social media.
|
| 655 |
|
4 |
|a Electronic books.
|
| 700 |
1 |
|
|a Waddington, Stephen.
|
| 710 |
2 |
|
|a Chartered Institute of Public Relations.
|
| 710 |
2 |
|
|a ProQuest (Firm)
|
| 856 |
4 |
0 |
|u https://ebookcentral.proquest.com/lib/matrademy/detail.action?docID=968085
|z Click to View
|